Postal codes Liechtenstein - Statistics

General Stats
  • This quiz has been taken 3 times
  • The average score is 4 of 14
Answer Stats
Postal code Region % Correct
9490 Vaduz
100%
9496 Balzers
33%
9492 Eschen
33%
9487 Gamprin
33%
9493 Mauren
33%
9498 Planken
33%
9491 Ruggell
33%
9494 Schaan
33%
9495 Triesen
33%
9497 Triesenberg
33%
9485 Nendeln
0%
9489 Schaan
0%
9486 Schaanwald
0%
9488 Schellenberg
0%
No matching quizzes found
Score Distribution
Percent of People with Each Score
Percentile by Number Answered
Your Score History
You have not taken this quiz